000
00286nam a2200133Ia 4500
100
_a
Schildt/ H.
942
_c
RB
654
_a
Windows
245
_a
Windows Programming Vol III
260
_b
Osborne Mc graw Hill
_a
Berkley
_c
1994
300
_a
874
546
_a
ENGLISH
999
_c
27384
_d
27384